000 00662nam a2200229Ia 4500
003 OSt
005 20220926013514.0
006 a|||||r|||| 00| 0
007 ta
008 220923b |||||||| |||| 00| 0 eng d
037 _cGeneral Book
040 _aRTL
_cRTL
_beng
041 _2eng
_aeng
082 _aX65291, L0
100 _aNovozhilov V V
_9318468
245 0 _aProblems of cost benefit analysis in optimal plann
260 _aNew York
_bInternational Arts and Sciences Press
_c1970
300 _aviii, 362p.
_ccm.
650 _aSecurities
_9218696
942 _hX65291, L0
_cGB
_2CC
999 _c626120
_d626120